Born again. (Record no. 16044)

000 -LEADER
fixed length control field 00499nam a2200169 a 4500
001 - CONTROL NUMBER
control field :::00018666$&:&@@
003 - CONTROL NUMBER IDENTIFIER
control field OkBaRHE
005 - DATE AND TIME OF LATEST TRANSACTION
control field 20100331133011.0
008 - FIXED-LENGTH DATA ELEMENTS--GENERAL INFORMATION
fixed length control field s1977 j 000 0 eng u
040 ## - CATALOGING SOURCE
Transcribing agency
100 1# - MAIN ENTRY--PERSONAL NAME
Personal name Colson, Charles W.
245 10 - TITLE STATEMENT
Title Born again.
260 ## - PUBLICATION, DISTRIBUTION, ETC. (IMPRINT)
Place of publication, distribution, etc Old Tappan, New Jersey
Name of publisher, distributor, etc Fleming H. Revell Company
Date of publication, distribution, etc 1977
300 ## - PHYSICAL DESCRIPTION
Extent 352 p.
942 ## - ADDED ENTRY ELEMENTS (KOHA)
Source of classification or shelving scheme
Koha item type Books
Copies
Withdrawn status Full call number Lost status Koha item type Source of classification or shelving scheme Date acquired Shelving location Not for loan Date last seen Copy number Damaged status Price effective from Permanent Location Barcode
 BV 4935 .C63 A33 Books 2010-04-14General Stacks 2010-04-141 2010-04-14RHEMA Bible Training College18666